Methodology in medical Genetics (Record no. 4948)

000 -LEADER
fixed length control field 00931cam a22003137a 4500
003 - CONTROL NUMBER IDENTIFIER
control field OSt
005 - DATE AND TIME OF LATEST TRANSACTION
control field 20220331114219.0
008 - FIXED-LENGTH DATA ELEMENTS--GENERAL INFORMATION
fixed length control field 110722s2011 enka b 001 0 eng
020 ## - INTERNATIONAL STANDARD BOOK NUMBER
International Standard Book Number 0443035091
040 ## - CATALOGING SOURCE
Transcribing agency ALUPE UNIVERSITY COLLEGE
042 ## - AUTHENTICATION CODE
Authentication code nlmcopyc
-- lccopycat
050 00 - LIBRARY OF CONGRESS CALL NUMBER
Classification number RB155
Item number .E44 1986
060 00 - NATIONAL LIBRARY OF MEDICINE CALL NUMBER
Classification number 2013 A-844
060 10 - NATIONAL LIBRARY OF MEDICINE CALL NUMBER
Classification number QU 55.4
070 0# - NATIONAL AGRICULTURAL LIBRARY CALL NUMBER
Classification number RB155
Item number .E441986
100 ## - MAIN ENTRY--PERSONAL NAME
Personal name Alan E. Emery
245 00 - TITLE STATEMENT
Title Methodology in medical Genetics
260 ## - PUBLICATION, DISTRIBUTION, ETC.
Place of publication, distribution, etc. New york
Name of publisher, distributor, etc. Churchill livingstone
Date of publication, distribution, etc. 1986.
300 ## - PHYSICAL DESCRIPTION
Extent 197 p. :
Other physical details ill. ;
504 ## - BIBLIOGRAPHY, ETC. NOTE
Bibliography, etc. note Includes bibliographical references and index.
650 #0 - SUBJECT ADDED ENTRY--TOPICAL TERM
Topical term or geographic name entry element medical genetics
650 12 - SUBJECT ADDED ENTRY--TOPICAL TERM
Topical term or geographic name entry element genetics
830 #0 - SERIES ADDED ENTRY--UNIFORM TITLE
Volume/sequential designation no. 222.
906 ## - LOCAL DATA ELEMENT F, LDF (RLIN)
a 7
b cbc
c copycat
d 2
e ncip
f 20
g y-gencatlg
936 ## - OCLC/CONSER MISCELLANEOUS DATA (OCLC); PIECE USED FOR CATALOGING (pre-AACR2) (RLIN)
OCLC control number(s) of parallel record(s) (OCLC); Piece used for cataloging, PUC (RLIN) PR 751035365
942 ## - ADDED ENTRY ELEMENTS (KOHA)
Source of classification or shelving scheme
Koha item type Book
Suppress in OPAC PW
Holdings
Withdrawn status Lost status Source of classification or shelving scheme Damaged status Not for loan Permanent Location Current Location Shelving location Date acquired Source of acquisition Total Checkouts Full call number Barcode Date last seen Price effective from Koha item type Public note
          AU LIBRARY AU LIBRARY Open Shelf 31.03.2022 DONATION FROM MOI UNIVERSITY   RB155 .E44 1986 28007347 31.03.2022 31.03.2022 Book PW

Powered by Koha